Theorie und Lösung ausgewählter Probleme der Form- und Legeprüfung auf Koordinaten-Messgeräten /

Na minha lista:
Detalhes bibliográficos
Autor principal: Wollrsheim, H.R (Author)
Formato: Livro
Idioma:alemão
Publicado em: Düsseldorf : VDI Verlag, 1984
Tags: Adicionar Tag
Sem tags, seja o primeiro a adicionar uma tag!

MARC

LEADER 00000nam a22000003a 4500
001 stu4228
005 20150617225809.9
008 930628s1984----gw------------------ger-d
040 |a STU  |b slo 
041 0 |a ger 
044 |a gw 
080 |a 531.71.089 
080 |a 681.3.08 
100 1 |a Wollrsheim, H.R  |4 aut 
245 1 |a Theorie und Lösung ausgewählter Probleme der Form- und Legeprüfung auf Koordinaten-Messgeräten /  |c [aut.] Wollrsheim,H.R 
260 |a Düsseldorf :  |b VDI Verlag,  |c 1984 
300 |a 121 s 
996 |b E64829  |c E*64829  |l EE15  |s P  |a 0  |w stu4228_0001